| 000 | 01506cam a2200373 a 4500 | ||
|---|---|---|---|
| 999 |
_c4624 _d4624 |
||
| 001 | 14586292 | ||
| 003 | GZU | ||
| 005 | 20210317090626.0 | ||
| 008 | 061006s2008 maua 001 0 eng | ||
| 010 | _a 2006033539 | ||
| 020 | _a9780073303659 (Annotated instructor's ed. : alk. paper) | ||
| 020 | _a0073303658 (Annotated instructor's ed. : alk. paper) | ||
| 020 | _a9780072867404 (alk. paper) | ||
| 020 | _a007286740X (alk. paper) | ||
| 040 |
_aDLC _cDLC _dDLC |
||
| 050 | 0 | 0 | _aQA154.3.B368 2008 |
| 082 | 0 | 0 |
_a512/.13 _222 |
| 100 | 1 | _aBarnett, Raymond A. | |
| 245 | 1 | 0 |
_aCollege algebra with trigonometry / _cRaymond A. Barnett. |
| 250 |
_a8th ed. / _bMichael R. Ziegler, Karl E. Byleen. |
||
| 260 |
_aBoston : _bMcGraw-Hill Higher Education, _cc2008. |
||
| 300 |
_a1 v. (various pagings) : _bcol. ill. ; _c26 cm. |
||
| 490 | 0 | _aBarnett, Ziegler & Byleen's precalculus series | |
| 500 | _aIncludes index. | ||
| 650 | 0 |
_aAlgebra. _vTextbooks. |
|
| 650 | 0 |
_aTrigonometry _vTextbooks. |
|
| 700 | 1 | _aZiegler, Michael R. | |
| 700 | 1 | _aByleen, Karl E. | |
| 856 | 4 | 1 |
_3Table of contents only _uhttp://www.loc.gov/catdir/toc/ecip072/2006033539.html |
| 906 |
_a7 _bcbc _corignew _d1 _eecip _f20 _gy-gencatlg |
||
| 942 |
_2lcc _cBK _h154.3 _iBAR _kQA |
||